[Event "Frome op"]
[Site "Frome"]
[Date "2009.05.10"]
[Round "4"]
[White "Beckford, Lloyd"]
[Black "Aston, Philip M"]
[Result "0-1"]
[WhiteElo "1664"]
[BlackElo "1544"]
[PlyCount "90"]
[EventDate "2009.05.08"]
[EventType "swiss"]
[EventRounds "5"]
[EventCountry "ENG"]
[SourceTitle "CBM 130 Extra"]
[Source "ChessBase"]
[SourceDate "2009.07.02"]
[SourceVersion "2"]
[SourceVersionDate "2009.07.15"]
[SourceQuality "1"]

1. d4 Nf6 2. c4 g6 3. Nc3 d5 4. Nf3 Bg7 5. Bg5 c6 6. e3 0-0 7. Qb3 e6 8. Rd1 Qa5 9. Bxf6 Bxf6 10. Bd3 Nd7 11. h4 dxc4 12. Bxc4 c5 13. h5 Nb6 14. hxg6 hxg6 15. Ke2 Nxc4 16. Qxc4 b6 17. a4 Ba6 18. Nb5 Bxb5 19. axb5 Qb4 20. b3 Rac8 21. dxc5 Qxc5 22. Qxc5 Rxc5 23. Rd7 Rxb5 24. Rxa7 Rxb3 25. Rd1 Rb2+ 26. Kf1 b5 27. g4 b4 28. g5 Bc3 29. Rb7 Ra2 30. Rdd7 Raa8 31. Nd4 Rad8 32. Rxd8 Rxd8 33. Nc6 Rd1+ 34. Kg2 Rb1 35. Nd8 b3 36. Nxf7 b2 37. Nh6+ Kf8 38. Rb8+ Ke7 39. Ng8+ Kd6 40. Nf6 Kc7 41. Rb3 Rc1 42. Ne4 Bg7 43. Nf6 Bxf6 44. gxf6 b1Q 45. f7 Qe4+ 0-1

[Event "Frome op"]
[Site "Frome"]
[Date "2009.05.09"]
[Round "3"]
[White "Aston, Philip M"]
[Black "Krzyzanowski, Patryk"]
[Result "0-1"]
[WhiteElo "1544"]
[BlackElo "2024"]
[PlyCount "86"]
[EventDate "2009.05.08"]
[EventType "swiss"]
[EventRounds "5"]
[EventCountry "ENG"]
[SourceTitle "CBM 130 Extra"]
[Source "ChessBase"]
[SourceDate "2009.07.02"]
[SourceVersion "2"]
[SourceVersionDate "2009.07.15"]
[SourceQuality "1"]

1. e4 c5 2. Nc3 g6 3. g3 Bg7 4. Nge2 Nc6 5. Bg2 d6 6. d3 Bd7 7. Bg5 Qc8 8. Qc1 Bh3 9. 0-0 Nd4 10. Nxd4 cxd4 11. Ne2 h6 12. Bd2 h5 13. Nf4 Bxg2 14. Nxg2 h4 15. Nxh4 Qh3 16. f4 Nf6 17. Rf2 Ng4 18. Rg2 Nxh2 19. Be1 Ng4 20. Qd2 f6 21. c3 Ne3 22. cxd4 Nxg2 23. Qxg2 Qg4 24. Rc1 0-0 25. Rc7 Rac8 26. Rxe7 Rc1 27. Kf1 Qd1 28. Qe2 Qxe2+ 29. Kxe2 Rc2+ 30. Ke3 Rxb2 31. Nxg6 Rf7 32. Re6 d5 33. Ne7+ Kf8 34. Ng6+ Kg8 35. Ne7+ Kh7 36. Nxd5 Rxa2 37. g4 a5 38. Bh4 a4 39. Nc3 Rh2 40. Be1 a3 41. Bf2 Rc7 42. Re8 Rxc3 43. d5 Rh3+ 0-1